IMDOSOC / [por] IMDOSOC

Salvato in:
Dettagli Bibliografici
Ente Autore: Instituto Mexicano de Doctrina Social Cristiana
Natura: Libro
Soggetti:
Tags: Aggiungi Tag
Nessun Tag, puoi essere il primo ad aggiungerne!!

MARC

LEADER 00000nam^a2200000^u^4500
001 000539047
005 20250625000000.0
008 060220s1000^^^^^^^^^^^^r^^^^^000^0^spa^d
009 20260310131134.503
035 |a FMI 000006064 
037 |a Acervo Xavier Clavigero 
096 |a 5.7.5/8/A 
110 |a Instituto Mexicano de Doctrina Social Cristiana 
245 1 0 |a IMDOSOC / [por] IMDOSOC 
264 |a México : IMDOSOC, [s.a.] 
300 |a 8 p. 
336 |a texto  |b txt  |2 rdacontenido 
337 |a sin mediación  |b n  |2 rdamedio 
338 |a volumen  |b nc  |2 rdasoporte 
649 |a XX 
650 |a DOCTRINA SOCIAL CATOLICA 
910 |a Fondo Francisco Migoya Covarrubias S.J. 
920 |a Impresos - Libros 
930 |a Fondos Especiales 
905 |a 134 
901 |a SBC17975  |b IT2  |c ESP  |u 20250521 
902 |a https://opac.biblio.iteso.mx/vufind/Record/000539047